| LEADER | 00805nam a2200169 4500 | ||
|---|---|---|---|
| 082 | |a 709.95 |b M600th | ||
| 100 | |a Huỳnh Ngọc Trảng | ||
| 245 | |a Mỹ thuật Châu Á |c Huỳnh Ngọc Trảng,Phạm Thiếu Hương dịch |b Quy pháp tạo hình và phong cách | ||
| 260 | |a H. |b Mỹ thuật |c 1997 | ||
| 300 | |a 608tr. |c 19cm | ||
| 520 | |a v..v | ||
| 653 | |a Mỹ thuật | ||
| 653 | |a Châu Á | ||
| 942 | |2 ddc |c STK0 | ||
| 999 | |c 4092 |d 4092 | ||
| 952 | |0 0 |1 0 |2 ddc |4 0 |6 709_950000000000000_M600TH |7 0 |8 700 |9 41448 |a qbu |b qbu |c D5 |d 2014-12-18 |g 122000 |o 709.95 M600th |p 4676.c1 |r 0000-00-00 |w 2014-12-18 |y STK0 |0 0 |6 709_950000000000000_M600TH | ||
| 952 | |0 0 |1 0 |2 ddc |4 0 |6 709_950000000000000_M600TH |7 0 |8 700 |9 41449 |a qbu |b qbu |c D5 |d 2014-12-18 |g 122000 |o 709.95 M600th |p 4676.c2 |r 0000-00-00 |w 2014-12-18 |y STK0 |0 0 |6 709_950000000000000_M600TH | ||